000 00374nam a22001577a 4500
005 20250519121719.0
008 250519b |||||||| |||| 00| 0 eng d
020 _a0333778227
050 _aHB139
_bKOU
100 _aKoutsoyiannis, A.
245 _aTheory of Economics
250 _a2nd
260 _aLondon
_bPalgrave
_cc1977
300 _axvii, 681p
942 _2lcc
_cBK
_n0
999 _c5845
_d5845